| 000 | 00654cam a2200241 4500 | ||
|---|---|---|---|
| 001 | i9780713437904 | ||
| 008 | 071126s1982 xxkco f 000 0aeng | ||
| 020 | _a0713437901 | ||
| 035 | _a(Sirsi) u43832 | ||
| 041 | _aeng | ||
| 050 | 0 | 4 | _a920 $2 18 |
| 100 | _aErdman, Edward L. | ||
| 245 | 0 | 0 | _aPeople and property |
| 260 |
_aLondon _bB.T. Batsford Ltd _c1982 |
||
| 300 |
_ax, 214 p. _b16p. of plates _c22cm. |
||
| 350 | _a20 | ||
| 520 | _aAn account by Edward Erdman of his life in the property industry. | ||
| 610 | 2 | 4 |
_aEdward Erdman and Co. _95456 |
| 651 | 4 |
_aUnited Kingdom _y |
|
| 690 | _aPROPERTY | ||
| 942 | _n0 | ||
| 948 | _c04/03/1997 | ||
| 999 |
_c91391 _d91391 |
||